Don Lope de Figueroa / por Indalecio Núñez Iglesias
Publicado:
San Jorge, núm. 83 (3r trimestre 1971), pàg. 60 - 66 :
MARC
| LEADER | 00000nam a2200000Ia 4500 | ||
|---|---|---|---|
| 008 | 160829s9999 xx 000 0 cat d | ||
| 952 | |0 0 |1 0 |4 0 |7 1 |9 42264 |a Arxiu |b Arxiu |d 2016-12-01 |l 0 |r 2016-12-01 00:00:00 |w 2016-12-01 |y ARXIU | ||
| 999 | |c 44742 |d 44742 | ||
| 100 | |a Núñez Iglesias, Indalecio |9 22639 | ||
| 245 | |a Don Lope de Figueroa / por Indalecio Núñez Iglesias | ||
| 260 | |a San Jorge, núm. 83 (3r trimestre 1971), pàg. 60 - 66 | ||
| 650 | |a Figueroa, Lope de |9 22640 | ||
| 650 | 0 | |a Lepant, Batalla de, 1571 |9 31773 | |
| 901 | |a Arxiu | ||
| 942 | |n 1 |2 udc | ||